000 00427nam a22001697a 4500
003 MPLRDC
005 20220104144101.0
008 210129b ||||| |||| 00| 0 eng d
082 _a471.9 YSF
100 _a杨士芳等合编
245 _a怎样设计放大器
_c
250 _a初版
260 _a
_b香港无线电学习社
_c1953
300 _b
650 _a精密机械工艺--放大器
942 _cBK
_o471.9 YSF
999 _c46220
_d46210